|
|
|
|
| LEADER |
00000nam2a2200000 4500 |
| 001 |
296900 |
| 005 |
20231102000943.0 |
| 020 |
|
|
|a RU
|b 84-59487
|
| 035 |
|
|
|a (RuTPU)RU\TPU\book\322017
|
| 035 |
|
|
|a RU\TPU\book\321799
|
| 090 |
|
|
|a 296900
|
| 100 |
|
|
|a 20150604g1984 k y0rusy5003 ca
|
| 101 |
0 |
|
|a rus
|a eng
|
| 102 |
|
|
|a RU
|
| 105 |
|
|
|a a z 101zy
|
| 200 |
0 |
|
|a Т. 7 : Тектоника : Секция С.07
|e доклады
|f под ред. А. В. Пейве
|
| 210 |
|
|
|d 1984
|
| 215 |
|
|
|a 193 с.
|c ил.
|e Прилож. : 1 л. карт.
|
| 300 |
|
|
|a Доклады на русском и английском языках.
|
| 320 |
|
|
|a Библиогр. в конце докл.
|
| 461 |
|
1 |
|0 (RuTPU)RU\TPU\book\145701
|t 27-й Международный геологический конгресс, СССР, Москва, 4-14 авг. 1984 г.
|o доклады
|o [в 10-ти т.]
|v Т. 7 : Тектоника : Секция С.07
|d 1984
|
| 606 |
1 |
|
|a Геология
|2 stltpush
|3 (RuTPU)RU\TPU\subj\6095
|9 34054
|
| 610 |
1 |
|
|a тектоника
|
| 610 |
1 |
|
|a тектоника
|
| 610 |
1 |
|
|a тектоническая зональность
|
| 610 |
1 |
|
|a районирование
|
| 610 |
1 |
|
|a континенты
|
| 610 |
1 |
|
|a переходные зоны
|
| 610 |
1 |
|
|a строение
|
| 610 |
1 |
|
|a складчатые пояса
|
| 610 |
1 |
|
|a рифтовые структуры
|
| 610 |
1 |
|
|a океаны
|
| 610 |
1 |
|
|a горные породы
|
| 610 |
1 |
|
|a деформации
|
| 610 |
1 |
|
|a глубинные неоднородности
|
| 610 |
1 |
|
|a верхняя мантия
|
| 610 |
1 |
|
|a земная кора
|
| 610 |
1 |
|
|a структура
|
| 610 |
1 |
|
|a динамика
|
| 610 |
1 |
|
|a конгрессы
|
| 610 |
1 |
|
|a Москва
|
| 675 |
|
|
|a 55(063)
|z rus
|v 3
|
| 702 |
|
1 |
|a Пейве
|b А. В.
|4 340
|
| 801 |
|
0 |
|a RU
|b RuMRKP
|c 19950704
|g psbo
|
| 801 |
|
1 |
|a RU
|b 63413507
|c 20080329
|g PSBO
|
| 801 |
|
2 |
|a RU
|b 63413507
|c 20190321
|g PSBO
|
| 942 |
|
|
|c BK
|